Normal view
MARC view
- Tepito, Ciudad de México
Entry Nombre Geográfico
001 - NÚMERO DE CONTROL
- campo de control: 25595
003 - IDENTIFICADOR DE NUMERO DE CONTROL
- campo de control: MX-MxUPN
005 - FECHA Y HORA DE LA ÜLTIMA TRANSACCIÓN
- campo de control: 20230606115244.0
008 - DATOS DE LONGITUD FIJA
- campo de control de longitud fija: 230606n||acnnnbabn | ana |d
035 ## - NÚMERO DE CONTROL
- Número de control: UPN10000025604
040 ## - FUENTE DE CATALOGACIÓN
- Agencia de catalogación original: MX-MxUPN
- Lenguaje de catalogación: spa
- Agencia de transcripción: MX-MxUPN
151 ## - ENCABEZAMIENTO - NOMBRE GEOGRÁFICO
- Nombre geográfico: Tepito, Ciudad de México
- Subdivisión general : Historia
670 ## - FUENTE EN LA QUE SE LOCALIZARON DATOS
- Cita de la fuente: Librunam autoridades, 6 junio 2023:
- Información localizada: (Tepito (Cuidad de México))
902 ## - CATALOGADOR
- Catalogador: MCM/290317
